| 000 | 02653nam a2200325Mi 4500 | ||
|---|---|---|---|
| 005 | 20180406112935.0 | ||
| 008 | 180406s2018 enk rb 001 0 eng d | ||
| 020 | _z9781138310544 | ||
| 020 | _a9781138500501 | ||
| 020 | _z9781315143798 | ||
| 035 | _a(OCoLC)1029033262 | ||
| 040 |
_aCO-BoUCM _bspa _cSandra Palacio _dSandra Palacio |
||
| 041 | 0 | _aeng | |
| 245 | 0 | 4 |
_aThe Syrian uprisings _bdomestic origins and early trajectory _ceditado por Raymond Hinnebusch y Omar Imady |
| 260 |
_aLondres (Inglaterra) _bRoutledge _c2018 |
||
| 300 | _axii, 343 páginas | ||
| 490 | 0 | _aRoutledge/St. Andrews Syrian studies series | |
| 520 | _aMost observers did not expect the Arab spring to spread to Syria, for a number of seemingly good reasons. Yet, with amazing rapidity, massive and unprecedented anti-regime mobilization took place, which put the regime very much on the defensive; what began as the Syrian Uprising in March 2011 has evolved into one of the world's most damaging and protracted conflicts. Despite nearly six years having passed since the inception of the Syrian Uprising, this phenomenon remains difficult to fully grasp, both in terms of underlying forces and long-term implications. This book presents a snapshot of how the uprising developed in roughly the first two to three years (2011-2013) and addresses key questions regarding the domestic origins of the uprising and its early trajectory. Firstly, what were the causes of the conflict, both in terms of structure (contradictions and crisis within the pre-uprising order) and agency (choices of the actors)? Why did the uprising not lead to democratization and instead descended into violent civil war with a sectarian dimension? With all 19 chapters addressing an aspect of the uprising, the book focuses on internal dynamics, whilst a subsequent volume will look at the international dimension of the uprising. Taking an innovative and interdisciplinary approach that seeks to capture the full complexity of the phenomenon, this book contributes significantly to our understanding of the Syrian conflict, and will therefore be a valuable resource for anyone studying Middle Eastern Politics. | ||
| 611 | 2 | 7 |
_aGuerra Civil (Siria : 2011-) _991917 |
| 648 | 7 |
_a2011 _2fast _991918 |
|
| 650 | 0 |
_aIslam _zSiria _991919 |
|
| 650 | 1 | 7 |
_aIslamismo _918035 |
| 651 | 0 |
_aSiria _xHistoria _yGuerra Civil, 2011- _991920 |
|
| 651 | 7 |
_aSiria _991921 |
|
| 655 | 7 |
_aHistoria _987696 |
|
| 700 | 1 |
_aHinnebusch, Raymond A. _eeditor _991922 |
|
| 700 | 1 |
_aImady, Omar _d1966- _eeditor _991923 |
|
| 942 |
_2DEWEY _cLIBRO _a21 _e1 _h956.9104231 _mS995sy |
||
| 999 |
_c309560 _d309560 |
||